<?xml version='1.0' encoding='UTF-8'?>
  <record xmlns="http://www.loc.gov/MARC21/slim">
    <leader>00000cam a22000001i 4500</leader>
    <controlfield tag="001">ocm01313691</controlfield>
    <controlfield tag="003">OCoLC</controlfield>
    <controlfield tag="005">20250901105758.1</controlfield>
    <controlfield tag="008">750506s1922    gw       b    000 0 ger  </controlfield>
    <datafield tag="010" ind1=" " ind2=" ">
      <subfield code="a">   23016138 </subfield>
    </datafield>
    <datafield tag="040" ind1=" " ind2=" ">
      <subfield code="a">DLC</subfield>
      <subfield code="b">eng</subfield>
      <subfield code="c">NAM</subfield>
      <subfield code="d">DLC</subfield>
      <subfield code="d">OCLCQ</subfield>
      <subfield code="d">OCLCG</subfield>
      <subfield code="d">KRTAS</subfield>
      <subfield code="d">GEBAY</subfield>
      <subfield code="d">GBVCP</subfield>
      <subfield code="d">OCLCQ</subfield>
      <subfield code="d">OCLCO</subfield>
      <subfield code="d">DEBBG</subfield>
      <subfield code="d">OCLCO</subfield>
      <subfield code="d">OCLCA</subfield>
      <subfield code="d">OCLCF</subfield>
      <subfield code="d">OCLCO</subfield>
      <subfield code="d">QGJ</subfield>
      <subfield code="d">OCL</subfield>
      <subfield code="d">OCLCO</subfield>
      <subfield code="d">J9U</subfield>
      <subfield code="d">OCLCO</subfield>
      <subfield code="d">OCLCL</subfield>
      <subfield code="d">OCLCA</subfield>
      <subfield code="d">OCLCL</subfield>
      <subfield code="d">OCLCQ</subfield>
    </datafield>
    <datafield tag="019" ind1=" " ind2=" ">
      <subfield code="a">940420901</subfield>
      <subfield code="a">1000638196</subfield>
      <subfield code="a">1000772310</subfield>
      <subfield code="a">1169944487</subfield>
    </datafield>
    <datafield tag="029" ind1="1" ind2=" ">
      <subfield code="a">AU@</subfield>
      <subfield code="b">000004336699</subfield>
    </datafield>
    <datafield tag="029" ind1="1" ind2=" ">
      <subfield code="a">AU@</subfield>
      <subfield code="b">000023223760</subfield>
    </datafield>
    <datafield tag="029" ind1="1" ind2=" ">
      <subfield code="a">NZ1</subfield>
      <subfield code="b">6630479</subfield>
    </datafield>
    <datafield tag="035" ind1=" " ind2=" ">
      <subfield code="a">(OCoLC)1313691</subfield>
      <subfield code="z">(OCoLC)940420901</subfield>
      <subfield code="z">(OCoLC)1000638196</subfield>
      <subfield code="z">(OCoLC)1000772310</subfield>
      <subfield code="z">(OCoLC)1169944487</subfield>
    </datafield>
    <datafield tag="043" ind1=" " ind2=" ">
      <subfield code="a">e-gr---</subfield>
      <subfield code="a">e-gx---</subfield>
      <subfield code="a">e------</subfield>
      <subfield code="a">aw-----</subfield>
      <subfield code="a">ff-----</subfield>
    </datafield>
    <datafield tag="050" ind1="0" ind2="0">
      <subfield code="a">P721</subfield>
      <subfield code="b">.S6</subfield>
    </datafield>
    <datafield tag="082" ind1=" " ind2="4">
      <subfield code="a">412</subfield>
      <subfield code="1">https://id.oclc.org/worldcat/ddc/E3CbB6VRdkkydXhKfrhBQTrXkD</subfield>
    </datafield>
    <datafield tag="084" ind1=" " ind2=" ">
      <subfield code="a">EU 840</subfield>
      <subfield code="2">rvk</subfield>
    </datafield>
    <datafield tag="084" ind1=" " ind2=" ">
      <subfield code="a">6,12</subfield>
      <subfield code="2">ssgn</subfield>
    </datafield>
    <datafield tag="100" ind1="1" ind2=" ">
      <subfield code="a">Solmsen, Felix,</subfield>
      <subfield code="d">1865-1911.</subfield>
      <subfield code="1">https://id.oclc.org/worldcat/entity/E39PBJcC3j8WTH9PTRkkwJCvpP</subfield>
    </datafield>
    <datafield tag="245" ind1="1" ind2="0">
      <subfield code="a">Indogermanische Eigennamen als Spiegel der Kulturgeschichte /</subfield>
      <subfield code="c">von Felix Solmsen. Hrsg. und bearb. von Ernst Fraenkel.</subfield>
    </datafield>
    <datafield tag="260" ind1=" " ind2=" ">
      <subfield code="a">Heidelberg :</subfield>
      <subfield code="b">C. Winter,</subfield>
      <subfield code="c">1922.</subfield>
    </datafield>
    <datafield tag="300" ind1=" " ind2=" ">
      <subfield code="a">xi, 261, [1] pages ;</subfield>
      <subfield code="c">20 cm.</subfield>
    </datafield>
    <datafield tag="336" ind1=" " ind2=" ">
      <subfield code="a">text</subfield>
      <subfield code="b">txt</subfield>
      <subfield code="2">rdacontent</subfield>
    </datafield>
    <datafield tag="337" ind1=" " ind2=" ">
      <subfield code="a">unmediated</subfield>
      <subfield code="b">n</subfield>
      <subfield code="2">rdamedia</subfield>
    </datafield>
    <datafield tag="338" ind1=" " ind2=" ">
      <subfield code="a">volume</subfield>
      <subfield code="b">nc</subfield>
      <subfield code="2">rdacarrier</subfield>
    </datafield>
    <datafield tag="490" ind1="1" ind2=" ">
      <subfield code="a">Indogermanische Bibliothek ;</subfield>
      <subfield code="v">2. Bd.</subfield>
    </datafield>
    <datafield tag="504" ind1=" " ind2=" ">
      <subfield code="a">Includes bibliographical references.</subfield>
    </datafield>
    <datafield tag="530" ind1=" " ind2=" ">
      <subfield code="a">Also issued online.</subfield>
    </datafield>
    <datafield tag="650" ind1=" " ind2="0">
      <subfield code="a">Indo-European languages</subfield>
      <subfield code="x">Etymology</subfield>
      <subfield code="x">Names.</subfield>
    </datafield>
    <datafield tag="650" ind1=" " ind2="0">
      <subfield code="a">Indo-Europeans.</subfield>
    </datafield>
    <datafield tag="650" ind1=" " ind2="0">
      <subfield code="a">Names, Personal</subfield>
      <subfield code="x">Indo-European.</subfield>
    </datafield>
    <datafield tag="650" ind1=" " ind2="0">
      <subfield code="a">Names, Personal</subfield>
      <subfield code="z">Greece.</subfield>
    </datafield>
    <datafield tag="650" ind1=" " ind2="0">
      <subfield code="a">Names, Personal</subfield>
      <subfield code="z">Germany.</subfield>
    </datafield>
    <datafield tag="650" ind1=" " ind2="0">
      <subfield code="a">Names, Personal</subfield>
      <subfield code="z">Rome.</subfield>
    </datafield>
    <datafield tag="650" ind1=" " ind2="6">
      <subfield code="a">Langues indo-européennes</subfield>
      <subfield code="x">Étymologie</subfield>
      <subfield code="x">Noms.</subfield>
    </datafield>
    <datafield tag="650" ind1=" " ind2="6">
      <subfield code="a">Indo-Européens.</subfield>
    </datafield>
    <datafield tag="650" ind1=" " ind2="6">
      <subfield code="a">Noms de personnes indo-européens.</subfield>
    </datafield>
    <datafield tag="650" ind1=" " ind2="6">
      <subfield code="a">Noms de personnes</subfield>
      <subfield code="z">Grèce.</subfield>
    </datafield>
    <datafield tag="650" ind1=" " ind2="6">
      <subfield code="a">Noms de personnes</subfield>
      <subfield code="z">Allemagne.</subfield>
    </datafield>
    <datafield tag="650" ind1=" " ind2="6">
      <subfield code="a">Noms de personnes</subfield>
      <subfield code="z">Rome.</subfield>
    </datafield>
    <datafield tag="650" ind1=" " ind2="7">
      <subfield code="a">Names, Personal</subfield>
      <subfield code="x">Indo-European</subfield>
      <subfield code="2">fast</subfield>
    </datafield>
    <datafield tag="650" ind1=" " ind2="7">
      <subfield code="a">Indo-European languages</subfield>
      <subfield code="x">Etymology</subfield>
      <subfield code="x">Names</subfield>
      <subfield code="2">fast</subfield>
    </datafield>
    <datafield tag="650" ind1=" " ind2="7">
      <subfield code="a">Indo-Europeans</subfield>
      <subfield code="2">fast</subfield>
    </datafield>
    <datafield tag="650" ind1=" " ind2="7">
      <subfield code="a">Names, Personal</subfield>
      <subfield code="2">fast</subfield>
    </datafield>
    <datafield tag="651" ind1=" " ind2="7">
      <subfield code="a">Germany</subfield>
      <subfield code="2">fast</subfield>
      <subfield code="1">https://id.oclc.org/worldcat/entity/E39PBJtCD3rcKcPDx6FHmjvrbd</subfield>
    </datafield>
    <datafield tag="651" ind1=" " ind2="7">
      <subfield code="a">Greece</subfield>
      <subfield code="2">fast</subfield>
      <subfield code="1">https://id.oclc.org/worldcat/entity/E39PBJxd6hw8HtWYq9JY6hjjYP</subfield>
    </datafield>
    <datafield tag="651" ind1=" " ind2="7">
      <subfield code="a">Rome (Empire)</subfield>
      <subfield code="2">fast</subfield>
    </datafield>
    <datafield tag="650" ind1=" " ind2="7">
      <subfield code="a">Indogermanisch</subfield>
      <subfield code="2">gnd</subfield>
    </datafield>
    <datafield tag="650" ind1=" " ind2="7">
      <subfield code="a">Name</subfield>
      <subfield code="2">gnd</subfield>
    </datafield>
    <datafield tag="650" ind1=" " ind2="7">
      <subfield code="a">Indo-European languages</subfield>
      <subfield code="x">Etymology</subfield>
      <subfield code="x">Names</subfield>
      <subfield code="2">nli</subfield>
    </datafield>
    <datafield tag="650" ind1=" " ind2="7">
      <subfield code="a">Indo-Europeans</subfield>
      <subfield code="2">nli</subfield>
    </datafield>
    <datafield tag="650" ind1=" " ind2="7">
      <subfield code="a">Names, Personal</subfield>
      <subfield code="x">Indo-European languages</subfield>
      <subfield code="2">nli</subfield>
    </datafield>
    <datafield tag="650" ind1=" " ind2="7">
      <subfield code="a">Names, Personal</subfield>
      <subfield code="z">Greece</subfield>
      <subfield code="2">nli</subfield>
    </datafield>
    <datafield tag="650" ind1=" " ind2="7">
      <subfield code="a">Names, Personal</subfield>
      <subfield code="z">Germany</subfield>
      <subfield code="2">nli</subfield>
    </datafield>
    <datafield tag="650" ind1=" " ind2="7">
      <subfield code="a">Names, Personal</subfield>
      <subfield code="z">Rome</subfield>
      <subfield code="2">nli</subfield>
    </datafield>
    <datafield tag="651" ind1=" " ind2="7">
      <subfield code="a">Indogermanisch.</subfield>
      <subfield code="2">swd</subfield>
    </datafield>
    <datafield tag="700" ind1="1" ind2=" ">
      <subfield code="a">Fraenkel, Ernst,</subfield>
      <subfield code="d">1881-1957.</subfield>
      <subfield code="1">https://id.oclc.org/worldcat/entity/E39PBJqBmtbmR7tG8TdXDgy8G3</subfield>
    </datafield>
    <datafield tag="758" ind1=" " ind2=" ">
      <subfield code="i">has work:</subfield>
      <subfield code="a">Indogermanische Eigennamen als Spiegel der Kulturgeschichte (Text)</subfield>
      <subfield code="1">https://id.oclc.org/worldcat/entity/E39PCH6cpCVVG3w3R8pYXWbkrC</subfield>
      <subfield code="4">https://id.oclc.org/worldcat/ontology/hasWork</subfield>
    </datafield>
    <datafield tag="776" ind1="0" ind2="8">
      <subfield code="i">Online version:</subfield>
      <subfield code="a">Solmsen, Felix, 1865-1911.</subfield>
      <subfield code="t">Indogermanische Eigennamen als Spiegel der Kulturgeschichte.</subfield>
      <subfield code="d">Heidelberg, C. Winter, 1922</subfield>
      <subfield code="w">(OCoLC)589900808</subfield>
    </datafield>
    <datafield tag="830" ind1=" " ind2="0">
      <subfield code="a">Indogermanische Bibliothek ;</subfield>
      <subfield code="v">2. Bd.</subfield>
    </datafield>
    <datafield tag="938" ind1=" " ind2=" ">
      <subfield code="a">Kirtas Technologies, Inc.</subfield>
      <subfield code="b">KRTS</subfield>
      <subfield code="n">174533</subfield>
    </datafield>
  </record>